000 01624nam a2200397 c 4500
003 BLK
005 20180422104555.0
008 180408b bul|||||r ||||||| ||bul||
010 _aKNG00094637000
040 _aBLK
041 _aBUL
_cBUL
080 _aВоенна история - Военни походи, битки, героични подвизи. Вж и 93/99
_b355.48
_x(0:82-94)(092)
_z355.48(0:82-94)(092)
080 _aБългарска литература
_b821.163.2
_x-94
_z821.163.2-94
080 _a
_b929 Христов, Георги Петров
_x
_z929 Христов, Георги Петров
100 1 _aКрумов, Георги
_eпърви автор
_gИванов, Георги Крумов
_9368308
139 _aКрумов, Георги
_bХ 78
245 1 0 _aГеорги Христов
_bБиогр. очерк
_cГеорги Крумов.
257 _aBGR
260 София
_bДърж. воен. изд.
_c1957
300 _a76 с.
_c17 см
380 _a3
490 1 _aБиблиотека Наши герои
500 _a3 000 тир.
600 1 4 _aХристов, Георги Петров
_9303737
650 4 _aВоенна история - България - популярна литература
_9303738
651 4 _aБългария
_9241624
653 _aГеорги Христов
653 _aгерои
653 _aвоенна история
653 _aбългарска история
852 _aЦб І 1446
856 4 _qpdf
_u
856 4 _qpdf
_u
942 _cKNG
_n0
944 _aCR
_c25.02.2010
_lф /
_kЛюдмила_Стоянова
944 _aED
_c10.03.2010
_lф /
_k
999 _c89914
_d89914